Polscy piłkarze ze złotą kartą w FC 2025 - Statystyki

Ogólne statystyki
  • Ten quiz został rozwiązany 431 razy
  • Średni wynik to 12 z 14
Statystyki odpowiedzi
Imię i nazwisko Klub Pozycja Ocena ogólna % Poprawnych
Robert Lewandowski FC Barcelona Napastnik 88
100%
Arkadiusz Milik Juventus Napastnik 81
97%
Marcin Bułka OGC Nicea Bramkarz 79
96%
Matty Cash Aston Villa Obrońca 79
95%
Jakub Kiwior Arsenal Obrońca 76
93%
Nicola Zalewski AS Roma Pomocnik 77
93%
Łukasz Skorupski Bologna Bramkarz 79
92%
Piotr Zieliński Lombardia FC Pomocnik 81
92%
Sebastian Szymański Fenerbahçe Pomocnik 80
91%
Łukasz Fabiański West Ham Bramkarz 77
90%
Przemysław Frankowski RC Lens Obrońca 78
84%
Kamil Grabara VfL Wolfsburg Bramkarz 75
78%
Bartłomiej Drągowski Panathinaikos Bramkarz 75
66%
Radosław Majecki AS Monaco Bramkarz 77
64%
Nie znaleziono quizów pasujących do podanych kryteriów
Rozkład punktacji
Procent ludzi z każdym wynikiem
Percentyl według liczby udzielonych odpowiedzi
Twoja historia wyników
Nie rozwiązałeś tego quizu